000 00385 a2200169 4500
001 21557
020 _a9788526242098
040 _cAnchieta - São Paulo/Itaigara
100 _aLopes, Cláudia
240 1 0 _aAs viagens de Gulliver
_lpor
245 1 0 _aAs viagens de Gulliver
300 _a136
362 0 _a2008
440 1 _aScipione
650 4 _aLiteratura juvenil
942 _cBK
999 _c21557
_d21557